Normal view
MARC view
Entry Personal Name
001 - CONTROL NUMBER
- control field: 48121
003 - CONTROL NUMBER IDENTIFIER
- control field: ARRUPE
005 - DATE AND TIME OF LATEST TRANSACTION
- control field: 20190912112956.0
008 - FIXED-LENGTH DATA ELEMENTS
- fixed length control field: 190912|| aca||aabn | a|a d
040 ## - CATALOGING SOURCE
- Original cataloging agency: ARRUPE
- Transcribing agency: ARRUPE
100 ## - HEADING--PERSONAL NAME
- Personal name: Guest, Emma
670 ## - SOURCE DATA FOUND
- Source citation: Work cat.: (ARRUPE)63286: Guest, Emma, Children of AIDS, 2001